Libraries in the United Kingdom and the Republic of Ireland 2000
Αποθηκεύτηκε σε:
| Συγγραφή απο Οργανισμό/Αρχή: | |
|---|---|
| Μορφή: | Βιβλίο |
| Γλώσσα: | English |
| Δημοσίευση: |
London :
Library Association Publishing,
c1999
|
| Έκδοση: | 26th ed. |
| Θέματα: | |
| Ετικέτες: |
Προσθήκη ετικέτας
Δεν υπάρχουν, Καταχωρήστε ετικέτα πρώτοι!
|
MARC
| LEADER | 00000nam a2200000 i 4500 | ||
|---|---|---|---|
| 001 | 1/101079 | ||
| 008 | 000208s1999 eng d | ||
| 020 | |a 1-85604-342-8 | ||
| 035 | |l 10057533 | ||
| 040 | |a GR-MY-UA |b gre |e aacr | ||
| 041 | 0 | |a eng | |
| 082 | 0 | |a 027.002541 | |
| 110 | 2 | |a Library Association. | |
| 245 | 1 | 0 | |a Libraries in the United Kingdom and the Republic of Ireland 2000 |
| 250 | |a 26th ed. | ||
| 260 | |a London : |b Library Association Publishing, |c c1999 | ||
| 300 | |a vii, 401 σ.; |c 24 εκ. | ||
| 504 | |a Περιέχει ευρετήρια | ||
| 650 | 0 | 0 | |a Libraries |z Great Britain |x Directories. |
| 852 | |a INST |b LESVOS |e 20000208 |h 027.002541 LIB |p 005100020570 |q 005100020570 |t BK |y 0 | ||
| 901 | |a BIBL1-2000-1 | ||
| 909 | |a Λ |b 072683 | ||
| 922 | |a 1ΕΛΗ |b 199912 |c ΚΠΣ/ΚΥΒ |d LEADER | ||
| 950 | |a 023-1998-09-14 | ||
| 970 | |a ΜΟΥΣΤΑΚΑ |b ΠΗΝΕΛΟΠΗ |z 2000/03/31 | ||